Načítá se...

Criminal liability of corporate entities : with special reference to the law in India /

Podrobná bibliografie
Hlavní autor: Ghosh Pradip
Médium: Printed Book
Vydáno: Gurgaon Lexis Nexis 2017
Témata:
LEADER 00758nam a22001697a 4500
020 |a 9788131252406 
082 |a 345.540 2  |b GHO/C 
100 |a Ghosh Pradip  |9 1762 
245 |a Criminal liability of corporate entities  |b : with special reference to the law in India / 
260 |a Gurgaon  |b Lexis Nexis   |c 2017 
300 |a xxii, 189p. 
650 |a Corporations  |v Corrupt practices  |z India   |9 1763 
650 |a Criminal liability  |9 1764 
942 |c BK 
999 |c 12377  |d 12377 
952 |0 0  |1 0  |4 0  |6 R_345_540000000000000_2_GHO_C  |7 0  |9 24048  |a NUALS  |b NUALS  |c REF  |d 2020-12-31  |l 0  |o R 345.540 2 GHO/C  |p 17399  |r 2020-12-31  |w 2020-12-31  |y REF 
952 |0 0  |1 0  |4 0  |6 345_540000000000000_2_GHO_C  |7 0  |9 24049  |a NUALS  |b NUALS  |c GEN  |d 2020-12-31  |l 0  |o 345.540 2 GHO/C  |p 17400  |r 2020-12-31  |t 1  |w 2020-12-31  |y BK